|
|
|
|
| LEADER |
00000cam a22000004a 4500 |
| 001 |
musev2_3028 |
| 003 |
MdBmJHUP |
| 005 |
20230905040403.0 |
| 006 |
m o d |
| 007 |
cr||||||||nn|n |
| 008 |
080926s2009 txu o 00 0 eng d |
| 010 |
|
|
|z 2008042078
|
| 020 |
|
|
|a 9780292793613
|
| 020 |
|
|
|z 0292793618
|
| 020 |
|
|
|z 9780292718999
|
| 020 |
|
|
|z 0292718993
|
| 035 |
|
|
|a (OCoLC)435528343
|
| 040 |
|
|
|a MdBmJHUP
|c MdBmJHUP
|
| 043 |
|
|
|a n-mx---
|
| 050 |
0 |
4 |
|a F1219.1.T2
|b K66 2009
|
| 082 |
0 |
|
|a 972/.62
|2 22
|
| 100 |
1 |
|
|a Koontz, Rex.
|
| 245 |
1 |
0 |
|a Lightning Gods and Feathered Serpents :
|b The Public Sculpture of El Tajín /
|c Rex Koontz.
|
| 250 |
|
|
|a 1st ed.
|
| 264 |
|
1 |
|a Austin :
|b University of Texas Press,
|c 2009.
|
| 264 |
|
3 |
|a Baltimore, Md. :
|b Project MUSE,
|c 2012
|
| 264 |
|
4 |
|c ©2009.
|
| 300 |
|
|
|a 1 online resource (151 pages):
|b ill., map ;
|
| 336 |
|
|
|a text
|b txt
|2 rdacontent
|
| 337 |
|
|
|a computer
|b c
|2 rdamedia
|
| 338 |
|
|
|a online resource
|b cr
|2 rdacarrier
|
| 490 |
0 |
|
|a The Linda Schele series in Maya and pre-Columbian studies
|
| 504 |
|
|
|a Includes bibliographical references (p. [124]-133) and index.
|
| 588 |
|
|
|a Description based on print version record.
|
| 651 |
|
0 |
|a Veracruz-Llave (Mexico : State)
|x Antiquities.
|
| 651 |
|
0 |
|a Tajín Site (Mexico)
|
| 650 |
|
0 |
|a Totonac architecture
|z Mexico
|z Veracruz-Llave (State)
|
| 650 |
|
0 |
|a Totonac art
|z Mexico
|z Veracruz-Llave (State)
|
| 650 |
|
0 |
|a Totonac sculpture
|z Mexico
|z Veracruz-Llave (State)
|
| 655 |
|
7 |
|a Electronic books.
|2 local
|
| 710 |
2 |
|
|a Project Muse.
|e distributor
|
| 830 |
|
0 |
|a Book collections on Project MUSE.
|
| 856 |
4 |
0 |
|z Texto completo
|u https://projectmuse.uam.elogim.com/book/3028/
|
| 945 |
|
|
|a Project MUSE - Custom Collection
|
| 945 |
|
|
|a Project MUSE - Archive Complete Foundation
|
| 945 |
|
|
|a Project MUSE - Archive Archaeology and Anthropology Foundation
|